Logo de marque de A à Z - Image - Statistiques

Statistiques générales
  • Ce quiz a été pris 527 fois
  • Le résultat moyen est 18 sur 26
Statistiques - réponses
Par images Réponse % Correct
Amazon
100%
Netflix
94%
Chanel
93%
Firefox
91%
Paypal
91%
Tesla
90%
Xbox
87%
Jaguar
86%
Skype
86%
Yahoo
85%
Heineken
84%
Zara
73%
EA Sports
72%
Intel
69%
Lexus
64%
Rockstar
61%
Beats
54%
Virgin
54%
GAP
53%
Motorola
51%
Uniqlo
51%
Quiksilver
46%
Kodak
45%
Walmart
42%
Ducati
39%
Oakley
31%
Aucun quiz correspondant
Distribution des résultats
% des personnes avec chaque résultat
Percentile par nombre de réponses
Votre historique - résultats
Vous n’avez pas pris ce quiz